| 000 | 01743nam0a2200349 4500 | ||
|---|---|---|---|
| 001 | RU\NLR\BIBL_A\011858325 | ||
| 005 | 20190322130530.0 | ||
| 021 |
_aRU _bКН-П-18-076641 _9КН-П-18-5536 |
||
| 035 | _a(NLR Aleph) 011858325 | ||
| 035 | _a(RuMoRGB)009773891 | ||
| 090 |
_a12138803 _c12138803 |
||
| 100 | _a20181108d2018 k y0rusy50 ca | ||
| 101 | 0 |
_arus _deng |
|
| 102 | _aRU | ||
| 105 | _ay|||z|||000zy | ||
| 200 | 1 |
_aКвантовая модель вычислений глазами классического программиста _fС. С. Андреев, С. А. Дбар, Ю. А. Климов [и др.] |
|
| 210 |
_aМосква _cИПМ им. М. В. Келдыша РАН _d2018 |
||
| 215 |
_a30 с. _d21 |
||
| 225 | 1 |
_aПрепринты ИПМ им. М. В. Келдыша _dKeldysh Institute preprints _fгл. ред. Б.Н. Четверушкин акад. РАН _zeng |
|
| 225 | 1 |
_aПрепринт _fИн-т прикл. математики им. М. В. Келдыша Рос. акад. наук _x2071-2898 _v№ 178 за 2018 г. |
|
| 300 | _aРез. англ. | ||
| 320 | _aБиблиогр.: с. 29 (8 назв.) | ||
| 606 | 1 |
_aКвантовая информатика _xМатематические основы _92389640 _3RU\NLR\AUTH\6601645623 |
|
| 686 | 1 | _aЗ973.233-01 | |
| 701 | 1 |
_7ca _8rus _aАндреев _bС. С. _cматематик, программирование _gСергей Сергеевич _9187669 _3RU\NLR\AUTH\770187720 |
|
| 701 | 1 |
_aДбар _bС. А. _gСветлана Алексеевна |
|
| 701 | 1 |
_aКлимов _bЮ. А. _gЮрий Андреевич |
|
| 942 | _cBOOK | ||
| 980 | _aNBR | ||
| 980 | _aNB | ||